[Event "7. Lichtenberger Sommer"]
[Site "?"]
[Date "2008.08.17"]
[Round "2.83"]
[White "Vollbrecht, Lars"]
[Black "Sampels, Michael"]
[Result "1-0"]
[WhiteElo "1705"]
[BlackElo "1745"]
[PlyCount "101"]
[EventDate "2008.??.??"]

1. e4 e5 2. Bc4 Nf6 3. d3 c6 4. Nf3 d5 5. exd5 cxd5 6. Bb3 Bb4+ 7. c3 Bd6 8.
Bg5 Be6 9. O-O O-O 10. Re1 Nbd7 11. Bh4 Qb6 12. h3 Nh5 13. Bg5 f5 14. Be3 Qd8
15. Ng5 f4 16. Nxe6 fxe3 17. Rxe3 Qf6 18. Nxf8 Rxf8 19. Bxd5+ Kh8 20. Rf3 Nf4
21. Be4 Nc5 22. Na3 Nxe4 23. dxe4 Qg6 24. Qf1 Qxe4 25. Re1 Qg6 26. Nc4 e4 27.
Rg3 Ne2+ 28. Qxe2 Bxg3 29. fxg3 b5 30. Na3 Qb6+ 31. Qe3 Qxe3+ 32. Rxe3 a6 33.
Rxe4 h6 34. Nc2 Rd8 35. Nd4 Kh7 36. Re7 Rd6 37. Rxg7+ Kh8 38. Re7 b4 39. Re4 a5
40. cxb4 axb4 41. Kf2 Ra6 42. Nf5 Rxa2 43. Rxb4 Kh7 44. Rb6 h5 45. Ke2 Ra5 46.
Ne3 Re5 47. b4 Re4 48. b5 h4 49. gxh4 Rxh4 50. Ng4 Kg7 51. Rh6 1-0

[Event "7. Lichtenberger Sommer"]
[Site "Berlin"]
[Date "2008.08.17"]
[Round "2.84"]
[White "Moeller, Dirk"]
[Black "Bockelmann, Rolf"]
[Result "0-1"]
[WhiteElo "1575"]
[BlackElo "1796"]
[PlyCount "70"]
[EventDate "2008.??.??"]
[WhiteTeam "SC Kreuzberg e.V."]
[BlackTeam "SG Lasker Steglitz-Wilmersdorf"]

1. e4 e5 2. Nf3 Nc6 3. Bb5 f5 4. exf5 e4 5. Bxc6 dxc6 6. Ne5 Qd4 7. Qh5+ g6 8.
fxg6 Nf6 9. g7+ Nxh5 10. gxh8=Q Bf5 11. c3 Qd5 12. d4 O-O-O 13. Nxc6 Qxc6 14.
Qe5 Bg6 15. O-O Rd5 16. Qh8 Rd8 17. Qg8 Bh6 18. Qb3 Bxc1 19. Rxc1 Rxd4 20. Na3
Rd5 21. c4 Rd3 22. Qb5 Qd6 23. c5 Qd4 24. Nc2 Qe5 25. Ne3 c6 26. Qb4 Nf4 27.
Re1 Qg5 28. g3 Nh3+ 29. Kg2 Nf4+ 30. Kf1 Ne6 31. Rad1 Qh5 32. Rxd3 exd3 33. Kg2
Qe5 34. Ng4 Qd5+ 35. Kf1 Qh1# 0-1

[Event "7. Lichtenberger Sommer"]
[Site "Berlin"]
[Date "2008.08.17"]
[Round "2.89"]
[White "Kitzler, Gerhard"]
[Black "Bandsom, Olaf"]
[Result "0-1"]
[WhiteElo "1059"]
[BlackElo "1774"]
[PlyCount "42"]
[EventDate "2008.??.??"]
[WhiteTeam "SK 1858 Gießen"]
[BlackTeam "SC Friesen Lichtenberg e.V."]

1. e4 d5 2. exd5 Qxd5 3. Nc3 Qa5 4. d4 e6 5. Bd2 c6 6. Ne4 Qd5 7. Bd3 Qxd4 8.
Bc3 Bb4 9. Nf3 Bxc3+ 10. Nxc3 Qd8 11. O-O Nf6 12. Qe2 Nbd7 13. Rad1 Qc7 14. Bf5
O-O 15. Bd3 e5 16. Ng5 h6 17. Nf3 Re8 18. Ne4 b5 19. Nh4 Nxe4 20. Qxe4 Nf6 21.
Qf5 Bxf5 0-1

[Event "7. Lichtenberger Sommer"]
[Site "Berlin"]
[Date "2008.08.17"]
[Round "2.90"]
[White "Baumgaertner, Andre"]
[Black "Kujawa, Werner"]
[Result "1/2-1/2"]
[WhiteElo "879"]
[BlackElo "1848"]
[PlyCount "116"]
[EventDate "2008.??.??"]
[WhiteTeam "SC Friesen Lichtenberg e.V."]
[BlackTeam "SV Motor Wildau e.V."]

1. d4 Nf6 2. c4 c5 3. e3 e6 4. Nf3 d5 5. Nc3 cxd4 6. Nxd4 a6 7. a3 dxc4 8. Bxc4
Be7 9. O-O O-O 10. b4 Qc7 11. Qb3 b5 12. Be2 e5 13. Nf3 Be6 14. Qc2 Rc8 15. Bb2
Nbd7 16. Rac1 Nb6 17. Bd3 Bc4 18. Ne4 Nfd7 19. Qe2 Bxd3 20. Qxd3 Nc4 21. Qb3
Qb7 22. Ned2 e4 23. Nxc4 bxc4 24. Qc3 Bf6 25. Nd4 Ne5 26. Qd2 Rd8 27. Qe2 Rac8
28. Bc3 Qd7 29. Rfd1 Nd3 30. Rc2 Qd5 31. Qg4 h5 32. Qf5 Kh8 33. g3 Qxf5 34.
Nxf5 Bxc3 35. Rxc3 g6 36. Nd4 Ne5 37. Kf1 Kg7 38. Ke2 Nd3 39. f3 exf3+ 40. Nxf3
f5 41. Nd4 Kf6 42. h4 Ke5 43. Nf3+ Ke6 44. Nd2 Ne5 45. Rdc1 Rd3 46. R1c2 Rxc3
47. Rxc3 Kd5 48. Nf3 Nd3 49. Ng5 Rc7 50. Kf3 Ne5+ 51. Ke2 Nd3 52. Nf3 Rc8 53.
Nd2 Ne5 54. Kd1 Rc6 55. Kc2 Rb6 56. Kd1 Rb8 57. Ke2 Rc8 58. Nf3 Nd3 1/2-1/2

[Event "7. Lichtenberger Sommer"]
[Site "Berlin"]
[Date "2008.08.17"]
[Round "2.91"]
[White "Schweitzer, Paul"]
[Black "Lippianowski, Stefan"]
[Result "1-0"]
[WhiteElo "1829"]
[BlackElo "953"]
[PlyCount "51"]
[EventDate "2008.??.??"]
[WhiteTeam "SV Königsjäger Süd-West e.V."]
[BlackTeam "Treptower SV 1949 e.V."]

1. d4 d5 2. c3 Bf5 3. e3 Nf6 4. Be2 Bxb1 5. Rxb1 e6 6. Qa4+ Nbd7 7. a3 c6 8.
Nf3 h6 9. Nd2 Nb6 10. Qc2 Bd6 11. O-O Qc7 12. g3 O-O-O 13. b4 a6 14. a4 e5 15.
b5 cxb5 16. axb5 exd4 17. bxa6 dxc3 18. axb7+ Kxb7 19. Nb3 Kc8 20. Na5 Ne4 21.
Bg4+ Nd7 22. Qa4 Nd2 23. Rb7 Nxf1 24. Rxc7+ Kxc7 25. Qc6+ Kb8 26. Qb7# 1-0